International Exhibition Barcelona, 1929
Descripción Física:
[16] p. : il. ; 23 cm
MARC
| LEADER | 00000nam a2200000Ia 4500 | ||
|---|---|---|---|
| 001 | 8271 | ||
| 008 | 160829s1929?) xx 000 0 cat d | ||
| 080 | |a RF-6-16 | ||
| 111 | 2 | |a Exposició Internacional de Barcelona |d (1929-1930 : |c Barcelona, Catalunya) |9 55060 | |
| 245 | |a International Exhibition Barcelona, 1929 | ||
| 260 | |a Barcelona : |b (I. G. Seix Barral, S.A., |c 1929?) | ||
| 300 | |a [16] p. : |b il. ; |c 23 cm | ||
| 611 | 2 | 0 | |a Exposició Internacional de Barcelona |d (1929-1930 : |c Barcelona, Catalunya) |9 55060 |
| 856 | 4 | |u https://media.diba.cat/diba/fitxers/arxiu/fulletons/bib_8271_1929_baixa.pdf |y Accés lliure | |
| 856 | 4 | |u https://media.diba.cat/diba/fitxers/arxiu/fulletons/bib_8271_1929_baixa.pdf |y Accés lliure | |
| 901 | |a Arxiu | ||
| 942 | |n 1 |2 udc | ||
| 952 | |0 0 |1 0 |4 0 |6 RF616 |7 1 |9 44810 |a Arxiu |b Arxiu |d 2016-12-01 |l 0 |o RF-6-16 |p 8271 |r 2016-12-01 00:00:00 |w 2016-12-01 |y ARXIU | ||
| 999 | |c 47408 |d 47408 | ||
| 900 | |a bib_8271_1929_baixa.pdf | ||